000 00393nam a2200169Ia 4500
005 20250507125906.0
008 008 250505s9999 xx 000 0 eng d
037 _aBound Volumes
040 _aEASL
_beng
_cEASL
041 _aeng
_2eng
084 _qEASL
245 0 _aForeign Policy
260 _c0000
490 _vV. 191-197
942 _cCR
999 _c1314771
_d1314771